| 000 | 00945nam a2200265 i 4500 | ||
|---|---|---|---|
| 003 | DO-SdBNP | ||
| 005 | 20250702102500.0 | ||
| 007 | ta | ||
| 008 | 240918s1999 sp bd 000 0 spa d | ||
| 020 | _a847232821X | ||
| 040 |
_aDO-SdBNP _bspa _cBNPHU _erda |
||
| 082 |
_bP227 _222 |
||
| 100 | 1 |
_aParejo Fernández, Ma. Angustias _eautora _986624 |
|
| 245 | 1 | 4 |
_aLas élites políticas marroquíes : _blos parlamentarios 1977-1993) / _cMaría Angustias Parejo Fernández : prólogo Rémy Leveau |
| 264 | 1 |
_aMadrid, España : _bAgencia Española de Cooperación Internacional, _c1999. |
|
| 300 |
_a354 páginas, _bmapas, graficas _c24 cm. |
||
| 336 |
_2rdacontent _atexto _btxt |
||
| 337 |
_2rdamedia _asin mediación _bn |
||
| 338 |
_2rdacarrier _avolumen _bnc |
||
| 504 | _aBibliografía p: 333-342 | ||
| 590 | _aInventariado, 2024/ YL | ||
| 700 | 1 |
_4prol. _aLeveau, Rémy _eprólogo _986625 |
|
| 910 | _aYLockward | ||
| 942 |
_2ddc _cLBS1 |
||
| 999 |
_c57716 _d57716 |
||